Cyprus Football Championship Winners - Statistics

General Stats
  • This quiz has been taken 58 times
  • The average score is 8 of 12
Answer Stats
Hint Answer % Correct
29 APOEL
98%
1 Pafos
85%
13 Anorthosis
83%
6 AEL
81%
4 Apollon
81%
1 Aris
72%
21 Omonoia
68%
3 Olympiacos
53%
2 Pezoporikos
53%
3 EPA
47%
1 Trust
34%
1 Centinkaya
6%
No matching quizzes found
Score Distribution
Percent of People with Each Score
Percentile by Number Answered
Your Score History
You have not taken this quiz